Society and culture in india / (Record no. 150933)

MARC details
000 -LEADER
fixed length control field 00533nam a22001817a 4500
005 - DATE AND TIME OF LATEST TRANSACTION
control field 20180419101810.0
010 ## - LCCN (DPL NO)
LC control number ENG-122532
020 ## - INTERNATIONAL STANDARD BOOK NUMBER
International Standard Book Number 9789383166145
Terms of availability 650.00
035 ## - SYSTEM CONTROL NUMBER
System control number EN-106064
037 ## - SOURCE OF ACQUISITION
Source of stock number/acquisition DBAD/PUB.
082 ## - DEWEY DECIMAL CLASSIFICATION NUMBER
Classification number 306.0954
245 ## - TITLE STATEMENT
Title Society and culture in india /
Statement of responsibility, etc ed.by Subas Mohapatra
260 ## - PUBLICATION, DISTRIBUTION, ETC. (IMPRINT)
Place of publication, distribution, etc New Delhi
Name of publisher, distributor, etc Social Science Press
Date of publication, distribution, etc 2017
270 ## - ADDRESS
Address 69, Jor Bagh,
City New Delhi
Postal code 110003
300 ## - PHYSICAL DESCRIPTION
Extent 447p.
Other physical details ill.
Dimensions 21cm.(pbk)
700 ## - ADDED ENTRY--PERSONAL NAME
Dates associated with a name Subas Mohapatra
942 ## - ADDED ENTRY ELEMENTS (KOHA)
Source of classification or shelving scheme Dewey Decimal Classification
Item type English Books
Call number suffix SOC
Classification part 306.094
Holdings
Withdrawn status Lost status Not for loan Collection code Home library Current library Date acquired Source of acquisition Cost, normal purchase price Full call number Barcode Copy number Cost, replacement price Koha item type
    Not For Loan Non-fiction D.B.Act.Division Patel Nagar 10/04/2018 DBAD/PUB 650.00 306.0954 SOC EN-106064 1 650.00 English Books

© Delhi Public Library
Hit Counter
free hit counter